000 01080cad a22002055a 4500
001 L151986
008 110118s2011 xxk f 000 0 eng d
035 _a(Sirsi) u151986
041 0 _aeng
110 2 _aUnited Kingdom
_bDepartment for Communities and Local Government
_94939
245 0 2 _aA plain English guide to the Localism Bill
_h[electronic resource]
260 _aLondon
_bDCLG
_c2011
520 _aDecentralisation and Localism Bill plain English guide. Describes the main measures of the Bill under four headings; new rights and powers for communities and individuals, new freedoms and flexibilities for local government, reform to make the planning system more democratic and reform to ensure that decisions about housing are taken locally.
590 _aKA
650 2 4 _aDECENTRALISATION AND LOCALISM BILL
651 4 _aEngland and Wales
_y1543-
690 _aPlanning and development
_96259
856 4 0 _uhttps://www.communities.gov.uk/publications/localgovernment/localismplainenglishguide
_zView the item free of charge at www.communities.gov.uk
942 _n0
999 _c111778
_d111778